000 00293nam a22001337a 4500
008 170508b xxu||||| |||| 00| 0 eng d
020 _a9780534523633
041 _aeng
080 _23RD
_a343.9
100 _a15
101 _aSHJ
245 _aCRIMINAL JUSTICE
_cSENNA, J.J
942 _2udc
_cBK
999 _c12919
_d12919